Social research methods / (Record no. 173286)

000 -LEADER
fixed length control field 02172cam a2200505 i 4500
001 - CONTROL NUMBER
control field 18598006
003 - CONTROL NUMBER IDENTIFIER
control field Nust
005 - DATE AND TIME OF LATEST TRANSACTION
control field 20180117090021.0
008 - FIXED-LENGTH DATA ELEMENTS--GENERAL INFORMATION
fixed length control field 150430s2016 nyua b 001 0 eng
010 ## - LIBRARY OF CONGRESS CONTROL NUMBER
LC control number 2015940141
020 ## - INTERNATIONAL STANDARD BOOK NUMBER
International Standard Book Number 9780199689453
020 ## - INTERNATIONAL STANDARD BOOK NUMBER
International Standard Book Number 0199689458
035 ## - SYSTEM CONTROL NUMBER
System control number (OCoLC)ocn933288982
040 ## - CATALOGING SOURCE
Original cataloging agency EQF
Language of cataloging eng
Transcribing agency EQF
Modifying agency EQO
-- NLGGC
-- UKWOH
-- OCLCQ
-- CDX
-- OCLCF
-- LUNQA
-- YDXCP
-- S3O
-- DLC
042 ## - AUTHENTICATION CODE
Authentication code lccopycat
050 00 - LIBRARY OF CONGRESS CALL NUMBER
Classification number H62
Item number .B787 2016
082 04 - DEWEY DECIMAL CLASSIFICATION NUMBER
Classification number 300.72
Edition number 23
100 1# - MAIN ENTRY--PERSONAL NAME
Personal name Bryman, Alan.
245 10 - TITLE STATEMENT
Title Social research methods /
Statement of responsibility, etc. Alan Bryman.
250 ## - EDITION STATEMENT
Edition statement Fifth Edition
260 ## - PUBLICATION, DISTRIBUTION, ETC.
Place of publication, distribution, etc. Oxford ;
-- New York :
Name of publisher, distributor, etc. Oxford University Press,
Date of publication, distribution, etc. 2016.
300 ## - PHYSICAL DESCRIPTION
Extent xxxv, 747 pages :
Other physical details color illustrations ;
Dimensions 26 cm
336 ## - CONTENT TYPE
Content type term text
Content type code txt
Source rdacontent
337 ## - MEDIA TYPE
Media type term unmediated
Media type code n
Source rdamedia
338 ## - CARRIER TYPE
Carrier type term volume
Carrier type code nc
Source rdacarrier
504 ## - BIBLIOGRAPHY, ETC. NOTE
Bibliography, etc. note Includes bibliographical references (pages 698-725) and indexes.
650 #0 - SUBJECT ADDED ENTRY--TOPICAL TERM
Topical term or geographic name entry element Social sciences
General subdivision Research.
650 #0 - SUBJECT ADDED ENTRY--TOPICAL TERM
Topical term or geographic name entry element Social sciences
General subdivision Methodology.
650 #4 - SUBJECT ADDED ENTRY--TOPICAL TERM
Topical term or geographic name entry element Social sciences
General subdivision Research.
650 #7 - SUBJECT ADDED ENTRY--TOPICAL TERM
Topical term or geographic name entry element Social sciences
General subdivision Methodology.
Source of heading or term fast
Authority record control number or standard number (OCoLC)fst01122933
650 #7 - SUBJECT ADDED ENTRY--TOPICAL TERM
Topical term or geographic name entry element Social sciences
General subdivision Research.
Source of heading or term fast
Authority record control number or standard number (OCoLC)fst01122944
650 17 - SUBJECT ADDED ENTRY--TOPICAL TERM
Topical term or geographic name entry element Sociaalwetenschappelijk onderzoek.
Source of heading or term gtt
Authority record control number or standard number (NL-LeOCL)078667410
650 17 - SUBJECT ADDED ENTRY--TOPICAL TERM
Topical term or geographic name entry element Methodologie.
Source of heading or term gtt
Authority record control number or standard number (NL-LeOCL)078589479
650 #7 - SUBJECT ADDED ENTRY--TOPICAL TERM
Topical term or geographic name entry element Samhällsvetenskaplig forskning
General subdivision metodik.
Source of heading or term sao
650 #7 - SUBJECT ADDED ENTRY--TOPICAL TERM
Topical term or geographic name entry element Kvalitativ metod.
Source of heading or term sao
650 #7 - SUBJECT ADDED ENTRY--TOPICAL TERM
Topical term or geographic name entry element Kvantitativ metod.
Source of heading or term sao
856 42 - ELECTRONIC LOCATION AND ACCESS
Materials specified Contributor biographical information
Uniform Resource Identifier <a href="https://www.loc.gov/catdir/enhancements/fy1617/2015940141-b.html">https://www.loc.gov/catdir/enhancements/fy1617/2015940141-b.html</a>
856 42 - ELECTRONIC LOCATION AND ACCESS
Materials specified Publisher description
Uniform Resource Identifier <a href="https://www.loc.gov/catdir/enhancements/fy1617/2015940141-d.html">https://www.loc.gov/catdir/enhancements/fy1617/2015940141-d.html</a>
856 41 - ELECTRONIC LOCATION AND ACCESS
Materials specified Table of contents only
Uniform Resource Identifier <a href="https://www.loc.gov/catdir/enhancements/fy1617/2015940141-t.html">https://www.loc.gov/catdir/enhancements/fy1617/2015940141-t.html</a>
906 ## - LOCAL DATA ELEMENT F, LDF (RLIN)
a 7
b cbc
c copycat
d 2
e ncip
f 20
g y-gencatlg
942 ## - ADDED ENTRY ELEMENTS (KOHA)
Source of classification or shelving scheme
Koha item type Book
Holdings
Withdrawn status Lost status Source of classification or shelving scheme Damaged status Not for loan Collection code Permanent Location Current Location Shelving location Date acquired Total Checkouts Full call number Barcode Checked out Date last seen Date last checked out Price effective from Koha item type
            Central Library (CL) Central Library (CL) General Stacks 01/21/2017 1 300.72 BRY S3H-S-863 02/09/2019 10/12/2018 10/12/2018 01/21/2017 Book
© 2023 Central Library, National University of Sciences and Technology. All Rights Reserved.